Guinness World Records 2025. (Record no. 13127)

000 -LEADER
fixed length control field 01101cam a22002175a 4500
020 ## - ISBN
ISBN 9781913484552
082 04 - DEWEY DECIMAL CLASSIFICATION NUMBER
Classification number Ref. 032.02 G9645 2024
110 2# - MAIN ENTRY--CORPORATE NAME
Corporate name or jurisdiction name as entry element Guinness World Records Limited.
245 00 - TITLE STATEMENT
Title Guinness World Records 2025.
260 ## - PUBLICATION, DISTRIBUTION, ETC. (IMPRINT)
Place of publication, distribution, etc. London
Name of publisher, distributor, etc. Guinness World Records Limited
Date of publication, distribution, etc. c2024
300 ## - PHYSICAL DESCRIPTION
Extent/Page number 254 pages :
Other physical details illustrations (chiefly color), color photographs ;
Dimensions 31 cm
337 ## - MEDIA TYPE
Media type term unmediated
Media type code n
520 ## - SUMMARY, ETC.
Summary, etc. Guinness World Records 2025 marks the 70th anniversary of the publishing phenomena that has sold more than 150 million copies in over 100 countries. The new edition--fully revised and updated with over 1,000 images--continues the annual tradition of delivering thousands of awe-inspiring facts, eye-watering feats and mind-blowing figures in a book that's designed for the whole family to enjoy. --
Assigning source Provided by publisher.
526 ## - STUDY PROGRAM INFORMATION NOTE
PROGRAM TYPE REFERENCE
SUB-PROGRAM TYPE Computer science, information, general works
650 #0 - SUBJECT ADDED ENTRY--TOPICAL TERM
Topical term or geographic name as entry element Curiosities and wonders.
650 #0 - SUBJECT ADDED ENTRY--TOPICAL TERM
Topical term or geographic name as entry element Questions and answers.
650 #0 - SUBJECT ADDED ENTRY--TOPICAL TERM
Topical term or geographic name as entry element World records.
650 #7 - SUBJECT ADDED ENTRY--TOPICAL TERM
Topical term or geographic name as entry element REFERENCE / Curiosities & Wonders.
650 #7 - SUBJECT ADDED ENTRY--TOPICAL TERM
Topical term or geographic name as entry element REFERENCE / Yearbooks & Annuals.
942 ## - ADDED ENTRY ELEMENTS
Classification
Item type Book
Holdings
Withdrawn status Lost status Source of classification or shelving scheme Damaged status Not for loan Collection code Permanent Location Current Location Shelving location Date acquired Source of acquisition Cost, normal purchase price Full call number Barcode Date last seen Cost, replacement price Price effective from Item type
          Reference Grade School Library Grade School Library Reference 2026-01-29 Budget 2995.00 Ref. 032.02 G9645 2024 GS5151 2025-08-13 2995.00 2025-08-13 Book